Statistics for My singing monsters 1 elements

Click here to take the quiz!

General Stats

  • This quiz has been taken 13 times
    (4 since last reset)
  • The average score is 27 of 89

Answer Stats

Answer% Correct
Brump
100%
Clackula
100%
Floot fly
100%
Kayna
100%
Mammott
100%
Noggin
100%
Potbelly
100%
Theremind
100%
Toe jammer
100%
Tweedle
100%
Wubbox
100%
Zynth
100%
Anglow
50%
Astropod
50%
Attmoz
50%
Blabbit
50%
Boo'qwurm
50%
Furnoss
50%
Ghazt
50%
G'joob
50%
Grumpyre
50%
Hoola
50%
Humbug
50%
Hyehehe
50%
Jeeode
50%
Maggpi
50%
Maulch
50%
Parlsona
50%
Punkleton
50%
Re
50%
Reebro
50%
Shugabass
50%
Shugabeats
50%
Shugabush
50%
Shugarock
50%
Shugavox
50%
Shugitar
50%
Stoowarb
50%
Strombonin
50%
Tawkerr
50%
Whiz-bang
50%
Yawstrich
50%
Blasoom
0%
Blipsqueak
0%
Bona-petite
0%
Buzzinga
0%
Carillong
0%
Cataliszt
0%
Cherubble
0%
Clavavera
0%
Creepuscule
0%
Dermit
0%
Do
0%
Dwumrohl
0%
Fa
0%
Ffidyll
0%
Fleechwurm
0%
Fluoress
0%
Galvana
0%
Gheegur
0%
Glaishur
0%
Gobbleygourd
0%
Hornacle
0%
Jam boree
0%
La
0%
Loodvigg
0%
Mi
0%
Monculus
0%
Pixolotl
0%
Plixie
0%
Poewk
0%
Scaratar
0%
Scargo
0%
Schmoochle
0%
Screemu
0%
Shugabuzz
0%
Shugajo
0%
Sol
0%
Spurrit
0%
Syncopite
0%
Thwok
0%
Ti
0%
Torrt
0%
Tympa
0%
Vhamp
0%
Viveine
0%
Whajje
0%
Yool
0%
Zuuker
0%

Score Distribution

Percentile by Number Answered

Percent of People with Each Score

Your Score History

You have not taken this quiz since the last reset